000 00381nam a22001217a 4500
040 _cSK
082 _a039
100 _aNA
245 _aសទ្ទានុក្រមពាក្យបច្ចេកទេសផ្នែកបសុវប្បកម្ម អង់គ្លេស បារាំង ខ្មែរ
260 _aRUA
_bNA
_cNA
300 _a25p.
942 _cKB
999 _c10243
_d10243